[Event "4NCL/Div4/FCA2 vs. CAMB2"]
[Site "West Bromwich ENG"]
[Date "2006.05.27"]
[Round "9.5"]
[White "Keane, Richard"]
[Black "Spencer, Carl"]
[Result "0-1"]
[WhiteElo "1745"]
[BlackElo "1995"]
[PlyCount "48"]
[EventDate "2006.05.27"]
[EventType "team"]
[EventRounds "11"]
[EventCountry "ENG"]
[SourceDate "2006.04.29"]
[WhiteTeam "FCA Solutions 2"]
[BlackTeam "Cambridge Uni 2 "]

1. d4 Nf6 2. c4 e5 3. dxe5 Ng4 4. Nf3 Bc5 5. e3 Nc6 6. a3 a5 7. Be2 O-O 8. b3
Re8 9. h3 Ngxe5 10. Nxe5 Nxe5 11. Bb2 Qg5 12. Qd5 c6 13. Qe4 f5 14. Qc2 Qxg2
15. Rf1 d6 16. Nd2 f4 17. e4 Bxh3 18. Bxe5 dxe5 19. Bf3 Qh2 20. Rh1 Qxf2+ 21.
Kd1 Rad8 22. Be2 Bg2 23. Re1 Be3 24. Bd3 Bf3+ 0-1

[Event "4NCL/Div4/FCA2 vs. CAMB2"]
[Site "West Bromwich ENG"]
[Date "2006.05.27"]
[Round "9.6"]
[White "Webster, Peter"]
[Black "Stenning, Marissa"]
[Result "1/2-1/2"]
[WhiteElo "1995"]
[BlackElo "1725"]
[PlyCount "118"]
[EventDate "2006.05.27"]
[EventType "team"]
[EventRounds "11"]
[EventCountry "ENG"]
[SourceDate "2006.04.29"]
[WhiteTeam "Cambridge Uni 2 "]
[BlackTeam "FCA Solutions 2"]

1. e4 d5 2. exd5 Qxd5 3. Nc3 Qa5 4. d4 Nf6 5. Nf3 Bf5 6. Bc4 e6 7. O-O c6 8.
Ne5 Nbd7 9. Re1 Bb4 10. Bd2 Bxc3 11. Bxc3 Qc7 12. a4 O-O 13. Bb4 Rfe8 14. c3
Rad8 15. Qf3 Nd5 16. Nxf7 Kxf7 17. g4 N7f6 18. gxf5 exf5 19. Qxf5 g6 20. Qg5
Kg7 21. Ba3 a6 22. Qg3 Qd7 23. Bf1 Ne4 24. Qf3 Ndf6 25. Bh3 Qd5 26. Qg2 b5 27.
axb5 axb5 28. Re3 Ng5 29. Qxd5 Nxh3+ 30. Rxh3 Rxd5 31. Re3 Rxe3 32. fxe3 Ng4
33. e4 Rd8 34. h3 Nf6 35. e5 Nd5 36. Rf1 Re8 37. Bd6 h6 38. Rf3 g5 39. Kf2 Kg6
40. Kg3 h5 41. Kh2 h4 42. b3 Nf4 43. c4 bxc4 44. bxc4 Ra8 45. Ra3 Rxa3 46. Bxa3
Kf5 47. Be7 Ne2 48. d5 cxd5 49. cxd5 Kxe5 50. d6 Ke6 51. Bxg5 Kxd6 52. Bxh4 Nf4
53. Bg3 Ke5 54. h4 Kf5 55. Bxf4 Kxf4 56. Kh3 Kf5 57. Kg3 Kg6 58. Kg4 Kh6 59. h5
Kg7 1/2-1/2

[Event "4NCL/Div4/KTP vs. RICB"]
[Site "West Bromwich ENG"]
[Date "2006.05.27"]
[Round "9.1"]
[White "Healey, Michael"]
[Black "O'Toole, George E"]
[Result "1-0"]
[WhiteElo "2015"]
[BlackElo "2060"]
[PlyCount "41"]
[EventDate "2006.05.27"]
[EventType "team"]
[EventRounds "11"]
[EventCountry "ENG"]
[SourceDate "2006.04.29"]
[WhiteTeam "King takes Pawn"]
[BlackTeam "Richmond B"]

1. e4 e5 2. Nf3 Nc6 3. Bb5 a6 4. Bxc6 dxc6 5. O-O Bd6 6. d4 exd4 7. Qxd4 f6 8.
e5 fxe5 9. Nxe5 Nf6 10. Bg5 Be6 11. Nc3 O-O 12. f4 Be7 13. Qe3 Qd6 14. Rae1 Qc5
15. Nd3 Qxe3+ 16. Rxe3 h6 17. Rxe6 hxg5 18. Rxe7 gxf4 19. Nxf4 Ng4 20. h3 Nh6
21. g4 1-0

[Event "4NCL/Div4/KTP vs. RICB"]
[Site "West Bromwich ENG"]
[Date "2006.05.27"]
[Round "9.2"]
[White "Gaudeau, Valentin"]
[Black "Carpenter, Dai"]
[Result "1-0"]
[WhiteElo "1885"]
[BlackElo "1900"]
[PlyCount "89"]
[EventDate "2006.05.27"]
[EventType "team"]
[EventRounds "11"]
[EventCountry "ENG"]
[SourceDate "2006.04.29"]
[WhiteTeam "Richmond B"]
[BlackTeam "King takes Pawn"]

1. d4 g6 2. c4 Bg7 3. Nc3 d6 4. Nf3 Nd7 5. e4 e5 6. d5 f5 7. Bd3 Ne7 8. h4 Nf6
9. h5 Nxh5 10. exf5 Nf4 11. Bxf4 exf4 12. fxg6 hxg6 13. Rxh8+ Bxh8 14. Qe2
Bxc3+ 15. bxc3 Kf7 16. Qe4 Bf5 17. Qxf4 Qh8 18. Kd2 Qf6 19. Ng5+ Ke8 20. g4 Kd7
21. gxf5 Nxf5 22. Rh1 Re8 23. Rh7+ Re7 24. Bxf5+ gxf5 25. Qe3 Rxh7 26. Qe6+
Qxe6 27. dxe6+ Ke7 28. Nxh7 Kxe6 29. Ke3 Ke5 30. f4+ Ke6 31. Ng5+ Kd7 32. Kd4
c6 33. c5 b5 34. Nf7 d5 35. Ke5 a5 36. Kxf5 d4 37. cxd4 b4 38. Ne5+ Kc7 39. Ke6
a4 40. f5 b3 41. axb3 a3 42. f6 a2 43. f7 a1=Q 44. f8=Q Qa8 45. Qd6+ 1-0

[Event "4NCL/Div4/KTP vs. RICB"]
[Site "West Bromwich ENG"]
[Date "2006.05.27"]
[Round "9.3"]
[White "Davies, Matthew"]
[Black "Graham, Louis"]
[Result "1-0"]
[WhiteElo "1855"]
[BlackElo "1900"]
[PlyCount "53"]
[EventDate "2006.05.27"]
[EventType "team"]
[EventRounds "11"]
[EventCountry "ENG"]
[SourceDate "2006.04.29"]
[WhiteTeam "King takes Pawn"]
[BlackTeam "Richmond B"]

1. Nf3 d5 2. g3 Nf6 3. Bg2 Nbd7 4. O-O e5 5. d3 Bd6 6. Nbd2 O-O 7. e4 c6 8. Nh4
Nc5 9. a4 Re8 10. Qe2 a5 11. b3 Ne6 12. Nhf3 Nd4 13. Nxd4 exd4 14. Qd1 dxe4 15.
dxe4 Bc5 16. h3 Nd7 17. Kh2 Qf6 18. Bb2 Qh6 19. Nf3 Rxe4 20. Bxd4 Bxd4 21. Nxd4
Nf6 22. Qd3 Re5 23. Rad1 Rh5 24. Nf5 Bxf5 25. Qd8+ Ne8 26. Qxa8 Qe6 27. Rde1
1-0

[Event "4NCL/Div4/KTP vs. RICB"]
[Site "West Bromwich ENG"]
[Date "2006.05.27"]
[Round "9.4"]
[White "Kenyon, Scott J M"]
[Black "Smith, Stuart"]
[Result "1-0"]
[WhiteElo "1840"]
[BlackElo "1805"]
[PlyCount "95"]
[EventDate "2006.05.27"]
[EventType "team"]
[EventRounds "11"]
[EventCountry "ENG"]
[SourceDate "2006.04.29"]
[WhiteTeam "Richmond B"]
[BlackTeam "King takes Pawn"]

1. e4 c6 2. d4 d5 3. e5 Bf5 4. g4 Bg6 5. h4 h6 6. h5 Bh7 7. e6 fxe6 8. Bd3 Bxd3
9. Qxd3 Kd7 10. Ne2 Qe8 11. Nf4 Nf6 12. Qe2 e5 13. dxe5 Ne4 14. e6+ Kc8 15. Ng6
Rg8 16. Bf4 Na6 17. f3 Nec5 18. Qe5 Qd8 19. Qf5 Qe8 20. Qf7 Qxf7 21. exf7 Rh8
22. Nxh8 Ne6 23. Ng6 Kd7 24. Bd2 Nd4 25. Kd1 Ke6 26. c3 Nb5 27. a4 Nd6 28. Nh8
Nxf7 29. Nxf7 Kxf7 30. f4 Nc5 31. Kc2 Ne4 32. Be3 e6 33. Nd2 Nd6 34. Rhe1 a5
35. Bd4 Ne8 36. Nb3 Nf6 37. Nc5 b6 38. Bxf6 bxc5 39. Be5 Rd8 40. Rad1 Be7 41.
Rf1 g6 42. hxg6+ Kxg6 43. Rh1 Rf8 44. Rh5 Rf7 45. Rdh1 Rh7 46. f5+ Kf7 47. Rxh6
Rxh6 48. Rxh6 1-0

[Event "4NCL/Div4/KTP vs. RICB"]
[Site "West Bromwich ENG"]
[Date "2006.05.27"]
[Round "9.5"]
[White "Parry, Matthew"]
[Black "Hall, Toby"]
[Result "1-0"]
[WhiteElo "1677"]
[BlackElo "1730"]
[PlyCount "57"]
[EventDate "2006.05.27"]
[EventType "team"]
[EventRounds "11"]
[EventCountry "ENG"]
[SourceDate "2006.04.29"]
[WhiteTeam "King takes Pawn"]
[BlackTeam "Richmond B"]

1. d4 d5 2. Nf3 Nf6 3. e3 e6 4. Bd3 c5 5. c3 Nc6 6. Nbd2 Bd6 7. O-O e5 8. e4
dxe4 9. dxe5 exd3 10. exf6 gxf6 11. Ne4 Rg8 12. Re1 Ne5 13. Nxe5 fxe5 14. Qa4+
Ke7 15. Bg5+ Rxg5 16. Nxg5 Qg8 17. Qh4 f6 18. Ne4 Qg6 19. Rad1 Bf5 20. Rxd3 Rg8
21. Rg3 Qf7 22. Rxg8 Bxe4 23. Qxe4 Qxg8 24. Qxb7+ Kf8 25. Qc8+ Kf7 26. Qxg8+
Kxg8 27. Rd1 Be7 28. Rd7 Kf7 29. Rxa7 1-0

[Event "4NCL/Div4/KTP vs. RICB"]
[Site "West Bromwich ENG"]
[Date "2006.05.27"]
[Round "9.6"]
[White "O'Toole, Tony"]
[Black "Carpenter, Stephen"]
[Result "0-1"]
[WhiteElo "1660"]
[BlackElo "1550"]
[PlyCount "58"]
[EventDate "2006.05.27"]
[EventType "team"]
[EventRounds "11"]
[EventCountry "ENG"]
[SourceDate "2006.04.29"]
[WhiteTeam "Richmond B"]
[BlackTeam "King takes Pawn"]

1. e4 e5 2. Nf3 Nc6 3. Nc3 Nf6 4. Bb5 Bc5 5. Bxc6 dxc6 6. d3 Bg4 7. h3 Bh5 8.
g4 Bg6 9. Qe2 Qd6 10. Nh4 Qe6 11. Be3 Bd4 12. Qd2 c5 13. Nf3 h5 14. g5 Nd7 15.
Bxd4 cxd4 16. Nd5 Rc8 17. c3 c6 18. Nb4 dxc3 19. Qxc3 f5 20. gxf6 Qxf6 21. Ke2
O-O 22. d4 Bxe4 23. Nxe5 Qxf2+ 24. Kd1 Nxe5 25. Re1 Rf3 26. Qd2 Qxd2+ 27. Kxd2
Nc4+ 28. Kc1 Bf5 29. b3 Rc3+ 0-1

[Event "4NCL/Div4/ADD vs. NOTT2"]
[Site "West Bromwich ENG"]
[Date "2006.05.27"]
[Round "9.1"]
[White "Dupré, Paul D"]
[Black "Lakhani, Kishan"]
[Result "0-1"]
[WhiteElo "2050"]
[BlackElo "2010"]
[PlyCount "66"]
[EventDate "2006.05.27"]
[EventType "team"]
[EventRounds "11"]
[EventCountry "ENG"]
[SourceDate "2006.04.29"]
[WhiteTeam "Addlestone"]
[BlackTeam "Notts 2"]

1. d4 Nf6 2. c4 d6 3. Nc3 g6 4. e4 Bg7 5. Be2 O-O 6. Be3 e5 7. d5 c6 8. g4 cxd5
9. cxd5 Qa5 10. Kf1 Na6 11. Rb1 Bd7 12. a4 Rac8 13. g5 Ne8 14. Nb5 Nb4 15. Bd2
a6 16. Na3 Qb6 17. Qb3 a5 18. Be3 Qd8 19. Nc4 f5 20. h4 fxe4 21. Bb6 Qe7 22.
Nxa5 Nd3 23. Bxd3 exd3 24. Be3 Bf5 25. Qb4 Qf7 26. Qxb7 Rc7 27. Qb5 d2 28. Rd1
Rc1 29. Ke2 Bg4+ 30. f3 Rxd1 31. Kxd1 Bxf3+ 32. Kxd2 Bxh1 33. Nc6 Nc7 0-1

[Event "4NCL/Div4/ADD vs. NOTT2"]
[Site "West Bromwich ENG"]
[Date "2006.05.27"]
[Round "9.2"]
[White "Webster, Richard J"]
[Black "Gibson, Christopher"]
[Result "0-1"]
[WhiteElo "2020"]
[BlackElo "1970"]
[PlyCount "116"]
[EventDate "2006.05.27"]
[EventType "team"]
[EventRounds "11"]
[EventCountry "ENG"]
[SourceDate "2006.04.29"]
[WhiteTeam "Notts 2"]
[BlackTeam "Addlestone"]

1. c4 Nf6 2. g3 e6 3. Bg2 d5 4. Nf3 Be7 5. O-O O-O 6. b3 c5 7. cxd5 Nxd5 8. Bb2
b6 9. a3 Bb7 10. Qc2 Bf6 11. d3 Bxb2 12. Qxb2 Nf6 13. Nbd2 Nbd7 14. Rac1 Qe7
15. Nc4 Rac8 16. Rfd1 Rfd8 17. Rd2 Nb8 18. Rcd1 Nc6 19. e3 Qc7 20. Qb1 Rd7 21.
d4 cxd4 22. Nxd4 Nxd4 23. Rxd4 Rxd4 24. Rxd4 Bxg2 25. Kxg2 Rd8 26. Qd3 Rxd4 27.
Qxd4 Qc6+ 28. f3 Qd5 29. Qxd5 Nxd5 30. Kf2 Kf8 31. Nd6 Ne7 32. Ke2 Nc6 33. Kd3
Ke7 34. Nb5 Kd7 35. f4 h6 36. g4 e5 37. b4 a6 38. Nc3 exf4 39. exf4 Kd6 40. h3
Ne7 41. Kd4 Nc6+ 42. Ke4 Ne7 43. h4 Ke6 44. Ne2 f5+ 45. gxf5+ Nxf5 46. h5 Nd6+
47. Kd4 Nb5+ 48. Ke4 Nxa3 49. Nd4+ Kf6 50. Kd5 a5 51. bxa5 bxa5 52. Kc5 g6 53.
hxg6 Kxg6 54. Kb6 h5 55. Kxa5 h4 56. Kb4 Nc2+ 57. Nxc2 h3 58. f5+ Kf7 0-1

[Event "4NCL/Div4/ADD vs. NOTT2"]
[Site "West Bromwich ENG"]
[Date "2006.05.27"]
[Round "9.3"]
[White "Klein, Cornelia"]
[Black "Thompson, Brian"]
[Result "0-1"]
[WhiteElo "1905"]
[BlackElo "2030"]
[PlyCount "100"]
[EventDate "2006.05.27"]
[EventType "team"]
[EventRounds "11"]
[EventCountry "ENG"]
[SourceDate "2006.04.29"]
[WhiteTeam "Addlestone"]
[BlackTeam "Notts 2"]

1. e4 c5 2. c3 Nf6 3. e5 Nd5 4. d4 cxd4 5. cxd4 e6 6. Nc3 Nc6 7. Nf3 d6 8. Be2
dxe5 9. dxe5 Bb4 10. Bd2 O-O 11. O-O Bxc3 12. Bxc3 Nxc3 13. bxc3 Qa5 14. Qc2
Nxe5 15. Nxe5 Qxe5 16. Rfe1 Qc7 17. Rad1 e5 18. Bf3 Be6 19. Bd5 Bxd5 20. Rxd5
Rfe8 21. Re3 Rad8 22. Rxd8 Rxd8 23. g3 Qd6 24. Qe4 Qd5 25. Qxe5 Qxe5 26. Rxe5
Kf8 27. Re2 Rd3 28. Rc2 Ke7 29. Kf1 Kd6 30. Ke2 Rd5 31. f4 Kc5 32. Ke3 Rd7 33.
f5 Kc4 34. Ke4 Re7+ 35. Kf4 Kd3 36. Rb2 Kxc3 37. Rb3+ Kc4 38. h4 b5 39. Rb2 b4
40. f6 gxf6 41. Kf5 Re3 42. Kxf6 Rxg3 43. h5 a5 44. Rh2 a4 45. Kxf7 b3 46. Rh4+
Kc5 47. a3 b2 48. Rb4 Rb3 49. Rxa4 b1=Q 50. Kg7 Rg3+ 0-1

[Event "4NCL/Div4/ADD vs. NOTT2"]
[Site "West Bromwich ENG"]
[Date "2006.05.27"]
[Round "9.4"]
[White "Graham, Neil"]
[Black "Albrecht, Theo"]
[Result "1/2-1/2"]
[WhiteElo "1930"]
[BlackElo "1855"]
[PlyCount "65"]
[EventDate "2006.05.27"]
[EventType "team"]
[EventRounds "11"]
[EventCountry "ENG"]
[SourceDate "2006.04.29"]
[WhiteTeam "Notts 2"]
[BlackTeam "Addlestone"]

1. d4 d6 2. e4 Nf6 3. f3 Nbd7 4. c4 e5 5. d5 Be7 6. Bd3 a5 7. Nc3 h6 8. Be3 Nf8
9. Nge2 g5 10. Qd2 Ng6 11. O-O-O Nf4 12. g3 Nxe2+ 13. Bxe2 Rg8 14. Rhg1 Kf8 15.
Kb1 Rg7 16. f4 Ng4 17. fxe5 Nxe5 18. Bd4 f6 19. Rgf1 Bg4 20. Bxe5 Bxe2 21. Bxf6
Bxf6 22. Qxe2 Kg8 23. Rd3 Qe7 24. Nd1 Rf8 25. Rdf3 Rgf7 26. Qc2 Be5 27. Rxf7
Rxf7 28. Rxf7 Qxf7 29. Ne3 Kh7 30. Qe2 b6 31. Nf5 Qf6 32. Ne3 Qf7 33. Nf5
1/2-1/2

[Event "4NCL/Div4/ADD vs. NOTT2"]
[Site "West Bromwich ENG"]
[Date "2006.05.27"]
[Round "9.5"]
[White "Burgess, Thomas"]
[Black "Wright, Antony J"]
[Result "0-1"]
[WhiteElo "1820"]
[BlackElo "1920"]
[PlyCount "134"]
[EventDate "2006.05.27"]
[EventType "team"]
[EventRounds "11"]
[EventCountry "ENG"]
[SourceDate "2006.04.29"]
[WhiteTeam "Addlestone"]
[BlackTeam "Notts 2"]

1. d4 e6 2. Nf3 Nf6 3. Bf4 d5 4. e3 Be7 5. h3 O-O 6. Bd3 c5 7. c3 Qb6 8. Qb3
Qxb3 9. axb3 Nc6 10. Nbd2 cxd4 11. exd4 Bd7 12. O-O Rfc8 13. Rfe1 h6 14. Ne5
Nxe5 15. Bxe5 Bc6 16. Nf3 Nd7 17. Bh2 a6 18. Ne5 Nf8 19. f3 Be8 20. Ng4 h5 21.
Ne3 Bc6 22. Nf5 Ng6 23. Nxe7+ Nxe7 24. Kf2 Bd7 25. Bd6 Nc6 26. Bh2 Na7 27. Ke3
Bb5 28. Bc2 Re8 29. Kd2 Nc8 30. Re3 Nb6 31. Bc7 Nd7 32. Bd6 Rac8 33. Ree1 Rc6
34. Bg3 Nf8 35. Rac1 f6 36. Bd3 Bxd3 37. Kxd3 Kf7 38. Re2 Ng6 39. Rce1 h4 40.
Bh2 b5 41. b4 Ne7 42. Ra1 Nf5 43. Rae1 Kg6 44. Bf4 Kh5 45. Kd2 g5 46. Bh2 Kg6
47. Ra1 Ng3 48. Bxg3 hxg3 49. Kd3 Kf5 50. Rae1 e5 51. Re3 Rce6 52. R1e2 e4+ 53.
Kd2 Kg6 54. fxe4 Rxe4 55. Rxe4 Rxe4 56. Re3 Rxe3 57. Kxe3 Kh5 58. Kf3 Kh4 59.
b3 f5 60. c4 bxc4 61. bxc4 dxc4 62. d5 c3 63. Ke3 f4+ 64. Kd3 f3 65. d6 fxg2
66. d7 g1=Q 67. d8=Q Qd1+ 0-1

[Event "4NCL/Div4/ADD vs. NOTT2"]
[Site "West Bromwich ENG"]
[Date "2006.05.27"]
[Round "9.6"]
[White "Lakhani, Anjali"]
[Black "Seale, Denis"]
[Result "1-0"]
[WhiteElo "1755"]
[BlackElo "1875"]
[PlyCount "53"]
[EventDate "2006.05.27"]
[EventType "team"]
[EventRounds "11"]
[EventCountry "ENG"]
[SourceDate "2006.04.29"]
[WhiteTeam "Notts 2"]
[BlackTeam "Addlestone"]

1. e4 d6 2. d4 Nf6 3. Nc3 g6 4. f3 c6 5. Be3 Nbd7 6. Bd3 b5 7. a3 Bg7 8. Nge2
Nb6 9. d5 Nc4 10. Bxc4 bxc4 11. dxc6 Qc7 12. O-O Rb8 13. Rb1 a6 14. Nd4 e5 15.
Nde2 Qxc6 16. Qd2 O-O 17. Rfd1 Rd8 18. Nd5 Nxd5 19. Qxd5 Qa4 20. b3 cxb3 21.
Rxb3 Be6 22. Rxb8 Rxb8 23. Qxd6 Rf8 24. Rd2 h5 25. Nc3 Qa5 26. Rd3 Bc4 27. Bb6
1-0

[Event "4NCL/Div4/BRJ vs. CHED"]
[Site "West Bromwich ENG"]
[Date "2006.05.27"]
[Round "9.1"]
[White "Headlong, Timothy"]
[Black "Wallace, Paul"]
[Result "0-1"]
[WhiteElo "2205"]
[BlackElo "2235"]
[PlyCount "58"]
[EventDate "2006.05.27"]
[EventType "team"]
[EventRounds "11"]
[EventCountry "ENG"]
[SourceDate "2006.04.29"]
[WhiteTeam "Brown Jack"]
[BlackTeam "Cheddleton"]

1. Nf3 g6 2. c4 Bg7 3. d4 d6 4. Nc3 Nf6 5. e4 O-O 6. Be2 e5 7. d5 Nbd7 8. Bg5
h6 9. Bh4 a6 10. Nd2 Qe8 11. O-O Nh7 12. Rc1 Bf6 13. Bxf6 Ndxf6 14. b4 Nd7 15.
Nb3 f5 16. Qd2 f4 17. Bg4 h5 18. Be6+ Kh8 19. f3 g5 20. c5 g4 21. cxd6 cxd6 22.
Na4 Ng5 23. Bf5 gxf3 24. gxf3 Rg8 25. Kh1 Nf6 26. Bxc8 Rxc8 27. Nb2 Rxc1 28.
Nxc1 Nh3 29. Nbd3 Qg6 0-1

[Event "4NCL/Div4/BRJ vs. CHED"]
[Site "West Bromwich ENG"]
[Date "2006.05.27"]
[Round "9.2"]
[White "Smith, Alan A"]
[Black "Richmond, Peter A"]
[Result "1/2-1/2"]
[WhiteElo "2260"]
[BlackElo "2240"]
[PlyCount "33"]
[EventDate "2006.05.27"]
[EventType "team"]
[EventRounds "11"]
[EventCountry "ENG"]
[SourceDate "2006.04.29"]
[WhiteTeam "Cheddleton"]
[BlackTeam "Brown Jack"]

1. Nf3 Nf6 2. c4 g6 3. Nc3 Bg7 4. e4 d6 5. d4 O-O 6. Be2 e5 7. Be3 exd4 8. Nxd4
Re8 9. f3 c6 10. Nc2 d5 11. exd5 cxd5 12. cxd5 Bf5 13. Bf2 Bxc2 14. Qxc2 Nxd5
15. Nxd5 Qxd5 16. O-O Nc6 17. Bc4 1/2-1/2

[Event "4NCL/Div4/BRJ vs. CHED"]
[Site "West Bromwich ENG"]
[Date "2006.05.27"]
[Round "9.3"]
[White "Hall, Daniel J"]
[Black "Briggs, Philip J"]
[Result "0-1"]
[WhiteElo "2080"]
[BlackElo "2170"]
[PlyCount "96"]
[EventDate "2006.05.27"]
[EventType "team"]
[EventRounds "11"]
[EventCountry "ENG"]
[SourceDate "2006.04.29"]
[WhiteTeam "Brown Jack"]
[BlackTeam "Cheddleton"]

1. e4 e5 2. Nf3 Nf6 3. d4 d5 4. Nxe5 Nxe4 5. Be3 Bd6 6. f3 Nf6 7. Bd3 O-O 8.
O-O c5 9. c3 Re8 10. f4 Nc6 11. Bf2 c4 12. Bc2 Ne7 13. Nd2 Bf5 14. Bxf5 Nxf5
15. g4 Ne7 16. Qf3 Nd7 17. Qh3 f6 18. Nxd7 Qxd7 19. f5 Bf4 20. Nf3 Nc8 21. Bg3
Be3+ 22. Kg2 Nd6 23. Rae1 Re4 24. Re2 Rae8 25. Rfe1 Bh6 26. Rxe4 Nxe4 27. Qh5
Re7 28. h4 Kf8 29. a3 Qb5 30. g5 Qxb2+ 31. Kh3 Nxg3 32. Kxg3 Rxe1 33. Nxe1
Qxc3+ 34. Nf3 Qxa3 35. gxh6 Qe7 36. hxg7+ Qxg7+ 37. Kf4 c3 38. Ne1 Qe7 39. Qd1
b5 40. Qc1 Qe4+ 41. Kg3 Qxd4 42. Nc2 Qd3+ 43. Kg4 Qe4+ 44. Kg3 b4 45. Qh6+ Kg8
46. Qc1 b3 47. Na3 Qd3+ 48. Kg4 h5+ 0-1

[Event "4NCL/Div4/BRJ vs. CHED"]
[Site "West Bromwich ENG"]
[Date "2006.05.27"]
[Round "9.4"]
[White "Gilmore, Simon N"]
[Black "Richmond, Jane"]
[Result "0-1"]
[WhiteElo "2140"]
[BlackElo "2090"]
[PlyCount "90"]
[EventDate "2006.05.27"]
[EventType "team"]
[EventRounds "11"]
[EventCountry "ENG"]
[SourceDate "2006.04.29"]
[WhiteTeam "Cheddleton"]
[BlackTeam "Brown Jack"]

1. e4 e6 2. d4 d5 3. Nc3 Bb4 4. e5 c5 5. a3 Bxc3+ 6. bxc3 Ne7 7. Qg4 Qc7 8.
Qxg7 Rg8 9. Qxh7 cxd4 10. Qd3 Nbc6 11. f4 dxc3 12. Ne2 Bd7 13. h4 O-O-O 14. Rb1
Nf5 15. h5 d4 16. Rg1 Nce7 17. g4 Nh6 18. g5 Nhf5 19. Bg2 Bc6 20. Bxc6 Qxc6 21.
Rb4 Qd5 22. h6 a6 23. Qc4+ Nc6 24. Qxd5 Rxd5 25. Rc4 Kd7 26. Ng3 Nxg3 27. Rxg3
b5 28. Rxc6 Kxc6 29. h7 Rh8 30. Rh3 Kd7 31. Kf2 Ke8 32. f5 Rxe5 33. f6 Rf5+ 34.
Ke2 e5 35. Rh4 Kd7 36. Rh6 Ke6 37. Rh5 Kd5 38. Rh4 e4 39. Bf4 Kc4 40. Bd6 Rxg5
41. Bf8 Rxf8 42. h8=Q Rxh8 43. Rxh8 d3+ 44. cxd3+ exd3+ 45. Ke3 Re5+ 0-1

[Event "4NCL/Div4/BRJ vs. CHED"]
[Site "West Bromwich ENG"]
[Date "2006.05.27"]
[Round "9.5"]
[White "Rabbitt, Michael"]
[Black "Acey, Gerald"]
[Result "1/2-1/2"]
[WhiteElo "2100"]
[BlackElo "2140"]
[PlyCount "133"]
[EventDate "2006.05.27"]
[EventType "team"]
[EventRounds "11"]
[EventCountry "ENG"]
[SourceDate "2006.04.29"]
[WhiteTeam "Brown Jack"]
[BlackTeam "Cheddleton"]

1. e4 c5 2. Nf3 d6 3. c3 Nf6 4. Bd3 Bg4 5. Bc2 Nc6 6. d3 e6 7. O-O Be7 8. Nbd2
O-O 9. h3 Bh5 10. g4 Bg6 11. Nh4 Nd7 12. Nxg6 hxg6 13. Nf3 Rc8 14. Be3 Nb6 15.
Qe2 d5 16. d4 cxd4 17. Nxd4 Nc4 18. Nxc6 bxc6 19. Bc1 Qa5 20. Bb3 Nb6 21. Bf4
Rfd8 22. Rad1 Bf6 23. g5 Be7 24. h4 dxe4 25. Qxe4 Qf5 26. Qxf5 gxf5 27. Kg2 Nd5
28. Bc1 g6 29. Bc4 Bd6 30. Rfe1 Kg7 31. a3 Bc7 32. b4 Rh8 33. Rh1 Be5 34. Ba6
Rcd8 35. c4 Nf4+ 36. Bxf4 Bxf4 37. Bb7 Rxd1 38. Rxd1 Rxh4 39. Bxc6 Bxg5 40. c5
Rg4+ 41. Kf3 Rf4+ 42. Ke2 Bh4 43. f3 Bf6 44. Rd7 Rc4 45. Rxa7 g5 46. Be8 Bb2
47. c6 g4 48. fxg4 fxg4 49. Rxf7+ Kg8 50. b5 g3 51. Rf3 Be5 52. Rf1 Bc7 53. Kd3
Ra4 54. Bf7+ Kg7 55. Bxe6 Rxa3+ 56. Kc4 Kg6 57. Bd5 Ra2 58. Be4+ Kg7 59. Kc5
Rb2 60. Rd1 Kf6 61. Rd7 Be5 62. c7 g2 63. Bxg2 Rxg2 64. b6 Rc2+ 65. Kb5 Ke6 66.
Rd8 Bxc7 67. bxc7 1/2-1/2

[Event "4NCL/Div4/BRJ vs. CHED"]
[Site "West Bromwich ENG"]
[Date "2006.05.27"]
[Round "9.6"]
[White "Bennett, Patrick"]
[Black "Cabero, Pablo Padilla"]
[Result "0-1"]
[WhiteElo "2080"]
[BlackElo "1955"]
[PlyCount "104"]
[EventDate "2006.05.27"]
[EventType "team"]
[EventRounds "11"]
[EventCountry "ENG"]
[SourceDate "2006.04.29"]
[WhiteTeam "Cheddleton"]
[BlackTeam "Brown Jack"]

1. d4 Nf6 2. c4 g6 3. Nc3 Bg7 4. g3 O-O 5. Bg2 d6 6. Nf3 Nbd7 7. O-O c6 8. e4
e5 9. d5 Qc7 10. h3 a6 11. Be3 c5 12. Ne1 Nh5 13. Nd3 Rb8 14. g4 Nf4 15. Nxf4
exf4 16. Bxf4 b5 17. cxb5 axb5 18. Rc1 Ba6 19. Re1 Ne5 20. Bf1 c4 21. b4 f5 22.
exf5 h5 23. Bxe5 Bxe5 24. fxg6 hxg4 25. Qxg4 Bc8 26. Qh5 Qg7 27. Ne4 Bf5 28.
Qh7+ Qxh7 29. gxh7+ Kxh7 30. a4 bxa4 31. Rxc4 a3 32. Nc3 Rfc8 33. Na2 Rxc4 34.
Bxc4 Bxh3 35. f4 Bxf4 36. Kf2 Kg6 37. Bd3+ Kf6 38. Kf3 Be5 39. Rh1 Rh8 40. Rc1
Bb2 41. Re1 Bd7 42. Bf1 Rh5 43. Bc4 Rh3+ 44. Kg2 Rh4 45. Bb3 Rd4 46. Re3 Bf5
47. b5 Rd2+ 48. Kg3 Be5+ 49. Kf3 Bd4 50. Bc4 Bxe3 51. Kxe3 Rb2 52. Nc1 Rc2 0-1

[Event "4NCL/Div4/ATH1 vs. OXF2"]
[Site "West Bromwich ENG"]
[Date "2006.05.27"]
[Round "9.1"]
[White "Stevenson, James A B"]
[Black "Rawlinson, Aidan"]
[Result "1/2-1/2"]
[WhiteElo "2195"]
[BlackElo "2160"]
[PlyCount "66"]
[EventDate "2006.05.27"]
[EventType "team"]
[EventRounds "11"]
[EventCountry "ENG"]
[SourceDate "2006.04.29"]
[WhiteTeam "Athenaeum 1"]
[BlackTeam "Oxford 2"]

1. e4 c5 2. d4 cxd4 3. c3 dxc3 4. Nxc3 Nc6 5. Nf3 e6 6. Bc4 Qc7 7. O-O Nf6 8.
Qe2 Ng4 9. g3 Bc5 10. Bf4 d6 11. Rac1 Qe7 12. a3 a6 13. b4 Ba7 14. b5 Nce5 15.
Nxe5 Nxe5 16. Rfd1 O-O 17. Kg2 Bc5 18. a4 Nxc4 19. Qxc4 b6 20. Qd3 Rd8 21. a5
bxa5 22. Na4 Bb4 23. Nb6 Rb8 24. Nxc8 Rbxc8 25. bxa6 Ra8 26. Rc6 h6 27. Be3 d5
28. Bb6 Rd6 29. Rdc1 dxe4 30. Rc8+ Rxc8 31. Rxc8+ Kh7 32. Qxe4+ f5 33. Qb7
Qxb7+ 1/2-1/2

[Event "4NCL/Div4/ATH1 vs. OXF2"]
[Site "West Bromwich ENG"]
[Date "2006.05.27"]
[Round "9.2"]
[White "Dickinson, Timothy R"]
[Black "Pedersen, Carsten"]
[Result "1-0"]
[WhiteElo "2130"]
[BlackElo "2175"]
[PlyCount "69"]
[EventDate "2006.05.27"]
[EventType "team"]
[EventRounds "11"]
[EventCountry "ENG"]
[SourceDate "2006.04.29"]
[WhiteTeam "Oxford 2"]
[BlackTeam "Athenaeum 1"]

1. e4 e6 2. d4 d5 3. Nd2 c5 4. exd5 Qxd5 5. Ngf3 cxd4 6. Bc4 Qd6 7. O-O Nf6 8.
Nb3 Nc6 9. Nbxd4 Nxd4 10. Nxd4 a6 11. b3 Qc7 12. Bb2 Bd6 13. Re1 O-O 14. Qf3 e5
15. Nf5 Bxf5 16. Qxf5 Rfe8 17. Re3 Qc8 18. Qd3 Qc7 19. Qe2 b5 20. Bd3 Nd5 21.
Bxh7+ Kf8 22. Be4 Nxe3 23. Qxe3 Rad8 24. Qh3 g6 25. Qh7 Re6 26. Bc1 Ke8 27.
Qg8+ Bf8 28. Ba3 Rdd6 29. Bd5 Qc3 30. Rf1 b4 31. Bxe6 Rxe6 32. Bc1 e4 33. Bh6
Qc5 34. Rd1 Qe7 35. Bxf8 1-0